000 00563nam a2200217Ia 4500
003 OSt
005 20220926043209.0
006 a|||||r|||| 00| 0
007 ta
008 220923b |||||||| |||| 00| 0 eng d
037 _cGeneral Book
040 _aRTL
_cRTL
_beng
041 _2eng
_aeng
082 _aX9J::41:N3, G7-G7;2
100 _aBuck J S
_9345466
245 0 _aLand utilization in China
260 _c1937
650 _aAgricultural Industry
942 _hX9J::41:N3, G7-G7;2
_cGB
_2CC
999 _c671730
_d671730